00677nam a22002177a 450000500170000000800410001701000140005802000230007203500130009503700150010804000080012308200130013110000250014424500700016926000370023927000500027630000260032650000500035265000380040270000190044020080828095541.0080828t xxu||||| |||| 00| 0 eng d aENG-90783 a8171324649c500.00 aEN-74316 bDBAD / PUB aDPL a338.4791 aSharma, Yogesh Kumar aHandbook of tourism /cby Yogesh Kumar Sharma [and] Pragya Sharma aJaipurbPointer Publishersc2006 aVyas Building, S.M.S. highwaybjaipure302003 avi, 216p.c22 cm.(Hb) aIncludes bibliographical references and index aTourismxHandbooks, manuals, etc. aSharma, Pragya